Decretos del Segundo Congreso Constitucional del Estado Libre de Guanajuato (Record no. 49328)

MARC details
000 -LEADER
campo de control de longitud fija 01185aac a2200361 a 4500
001 - NÚMERO DE CONTROL
campo de control MOR01000049395
005 - FECHA Y HORA DE LA ÚLTIMA TRANSACCIÓN
campo de control 20240903025108.0
007 - CAMPO FIJO DE DESCRIPCIÓN FÍSICA--INFORMACIÓN GENERAL
campo de control de longitud fija ta
008 - DATOS DE LONGITUD FIJA--INFORMACIÓN GENERAL
campo de control de longitud fija 950309s1830 gjm gr s000 0 spa d
035 ## - NÚMERO DE CONTROL DEL SISTEMA
Número de control de sistema 950620
040 ## - FUENTE DE CATALOGACIÓN
Centro catalogador/agencia de origen mxdfmo
Lengua de catalogación spa
Centro/agencia transcriptor mxdfmo
041 0# - CÓDIGO DE IDIOMA
Código de lengua del texto/banda sonora o título independiente spa
043 ## - CÓDIGO DE ÁREA GEOGRÁFICA
Código de área geográfica n-mx-gj
045 ## - PERIODO DE TIEMPO DEL CONTENIDO
Código de periodo de tiempo w2w3
082 04 - NÚMERO DE LA CLASIFICACIÓN DECIMAL DEWEY
Número de clasificación D342.7241
Número de ítem GUA.l.829-830
110 1# - ENTRADA PRINCIPAL--NOMBRE DE ENTIDAD CORPORATIVA
Nombre de entidad corporativa o nombre de jurisdicción como elemento de entrada Guanajuato (México : Estado)
240 10 - TÍTULO UNIFORME
Título uniforme Leyes, etc.
245 10 - MENCIÓN DEL TÍTULO
Título Decretos del Segundo Congreso Constitucional del Estado Libre de Guanajuato
Mención de responsabilidad, etc. [firmado por] Carlos Montes de Oca
260 ## - PUBLICACIÓN, DISTRIBUCIÓN, ETC.
Lugar de publicación, distribución, etc. Guanajuato
Nombre del editor, distribuidor, etc. Imprenta del Gobierno
Fecha de publicación, distribución, etc. 1830
300 ## - DESCRIPCIÓN FÍSICA
Extensión [69] h.
Dimensiones 22 X 28 cm.
500 ## - NOTA GENERAL
Nota general Fotocopias
651 #7 - PUNTO DE ACCESO ADICIONAL DE MATERIA--NOMBRE GEOGRÁFICO
Nombre geográfico Guanajuato
Subdivisión general Historia constitucional
-- Fuentes
700 1# - ENTRADA AGREGADA--NOMBRE PERSONAL
Nombre de persona Montes de Oca, Carlos
Títulos y otros términos asociados al nombre gob. de Guanajuato
Fechas asociadas al nombre 1775-1838
900 ## - ELEMENTOS DE DATOS A LOCAL, LDA (RLIN)
Nombre de persona ALEPH14
Numeración 10
Títulos y otros términos asociados al nombre 20061103
Lenguaje de la obra MOR01
-- 1048
900 ## - ELEMENTOS DE DATOS A LOCAL, LDA (RLIN)
Nombre de persona BATCH-UPD
Numeración 00
Títulos y otros términos asociados al nombre 20120323
Lenguaje de la obra MOR01
-- 1741
900 ## - ELEMENTOS DE DATOS A LOCAL, LDA (RLIN)
Nombre de persona BATCH-UPD
Numeración 10
Títulos y otros términos asociados al nombre 20120321
Lenguaje de la obra MOR01
-- 1701
900 ## - ELEMENTOS DE DATOS A LOCAL, LDA (RLIN)
Nombre de persona BATCH
Numeración 00
Títulos y otros términos asociados al nombre 20120322
Lenguaje de la obra MOR01
-- 1724
900 ## - ELEMENTOS DE DATOS A LOCAL, LDA (RLIN)
Nombre de persona DYNIX
Numeración 00
Títulos y otros términos asociados al nombre 20030304
Lenguaje de la obra MOR01
-- 1720
900 ## - ELEMENTOS DE DATOS A LOCAL, LDA (RLIN)
Nombre de persona VOBO
Numeración 40
Títulos y otros términos asociados al nombre 20190411
Lenguaje de la obra MOR01
-- 1104
904 ## - ELEMENTOS DE DATOS D LOCAL, LDD (RLIN)
a UPDATE
942 ## - ELEMENTOS DE ENTRADA SECUNDARIOS (KOHA)
Código de la institución [OBSOLETO] BK
Holdings
Estatus retirado Estado de pérdida Fuente del sistema de clasificación o colocación Estado de daño No para préstamo Colección Biblioteca de origen Biblioteca actual Ubicación en estantería Fecha de adquisición Fuente de adquisición Número de inventario Total de préstamos Signatura topográfica completa Código de barras Visto por última vez Precio de reemplazo Tipo de ítem Koha
    Clasificación Decimal Dewey     Libros (General) Biblioteca Instituto Mora Biblioteca Instituto Mora Regular 09/03/1995   75335   (G)/D342.7241 GUA.l.829-830 33291000676565 03/09/2024 03/09/2024 Libro préstamo regular